LEADER 01406nam0-22004331i-450- 001 990007384350403321 005 20060505105233.0 010 $a88-7910-975-8 035 $a000738435 035 $aFED01000738435 035 $a(Aleph)000738435FED01 035 $a000738435 100 $a20030116d2002----km-y0itay50------ba 101 1 $aita$cfre 102 $aIT 105 $ay---a---001yy 200 1 $aIdee per un futuro già iniziato$e28 voci sulla globalizzazione$fA. Bore ... [et al.]$ga cura di Marina Ricciardelli, Sabine Urban, Kostas Nanopoulos 210 $aRoma$cLavoro$d[2002] 215 $a415 p.$d21 cm 225 1 $aStudi e ricerche$v119 300 $aTrad. di Ilaria Belliti, et al. 454 0$12001$aMondialisation et sociétés multiculturelles$el'incertain du futur$958923 610 0 $aGlobalizzazione$aAspetti socio-culturali 610 0 $aGlobalizzazione e multinazionali 676 $a337.09045 702 1$aBore,$bAlbert 702 1$aNanopoulos,$bKostas 702 1$aRicciardelli,$bMarina 702 1$aUrban,$bSabine M. L. 801 0$aIT$bUNINA$gRICA$2UNIMARC 901 $aBK 912 $a990007384350403321 952 $aCollez. 848 (119)$b38935$fFSPBC 952 $aO/1.20 RIC$b1973$fSES 952 $aO/1.20 RIC$b19735$fSES 959 $aFSPBC 959 $aSES 996 $aMondialisation et sociétés multiculturelles$958923 997 $aUNINA LEADER 01438nam 2200493 450 001 9910158871603321 005 20230807220928.0 010 $a1-68195-554-7 035 $a(CKB)3890000000006590 035 $a(EBL)4504610 035 $a(OCoLC)950461839 035 $a(SSID)ssj0001683705 035 $a(PQKBManifestationID)16509836 035 $a(PQKBTitleCode)TC0001683705 035 $a(PQKBWorkID)15038309 035 $a(PQKB)11157990 035 $a(MiAaPQ)EBC4504610 035 $a(EXLCZ)993890000000006590 100 $a20160617d2015 uy| 1 101 0 $aeng 135 $aur|n|---||||| 181 $ctxt 182 $cc 183 $acr 200 10$aManalive /$fG.K. Chesterton 210 1$aTustin, California :$cXist Publishing,$d2015. 215 $a1 online resource (124 p.) 225 1 $aXist Classics 300 $aDescription based upon print version of record. 327 $aChapter 1; Chapter 2; Chapter 3; Chapter 4; Chapter 5; Book Club Discussion Guide; Book Club Discussion Questions 410 0$aXist classics. 517 1 $aMan alive 606 $aFalse arrest$vFiction 606 $aAttempted murder$vFiction 615 0$aFalse arrest 615 0$aAttempted murder 700 $aChesterton$b G. K.$0545406 801 0$bMiAaPQ 801 1$bMiAaPQ 801 2$bMiAaPQ 906 $aBOOK 912 $a9910158871603321 996 $aManalive$92689687 997 $aUNINA